000 00664nam a22001937a 4500
999 _c130018
_d130018
008 191113b ||||| |||| 00| 0 eng d
020 _a1-77905-087-9
050 _aHC900.E96
100 _aEvans, David
_948642
245 _aSADC:
_bthe cost of Non-Integration
_c/ by David Evans, Peter Holmes and Ibbo Mandaza
260 _aHarare:
_bSAPES Books,
_c1999.
300 _a69p. ;
_c21cm.
650 _aSouthern African Development Community
_928894
650 _aAfrica, Southern
_xEconomy integration
_948643
650 _aAfrica, Southern
_xEconomy policy
_948644
700 _aHolmes, Peter
_948645
700 _aMandaza, Ibbo
_923206
942 _2lcc
_cMONOGRAPH